<?xml version="1.0" encoding="UTF-8"?><?xml-stylesheet type="text/xsl" href="static/style.xsl"?><OAI-PMH xmlns="http://www.openarchives.org/OAI/2.0/" xmlns:xsi="http://www.w3.org/2001/XMLSchema-instance" xsi:schemaLocation="http://www.openarchives.org/OAI/2.0/ http://www.openarchives.org/OAI/2.0/OAI-PMH.xsd"><responseDate>2026-06-01T23:36:08Z</responseDate><request verb="GetRecord" identifier="oai:riuma.uma.es:10630/9475" metadataPrefix="marc">https://riuma.uma.es/rest/oai/request</request><GetRecord><record><header><identifier>oai:riuma.uma.es:10630/9475</identifier><datestamp>2026-02-03T12:52:16Z</datestamp><setSpec>com_10630_5701</setSpec><setSpec>com_10630_3139</setSpec><setSpec>com_10630_10</setSpec><setSpec>col_10630_9187</setSpec></header><metadata><record xmlns="http://www.loc.gov/MARC21/slim" xmlns:dcterms="http://purl.org/dc/terms/" xmlns:doc="http://www.lyncode.com/xoai" xmlns:xsi="http://www.w3.org/2001/XMLSchema-instance" xsi:schemaLocation="http://www.loc.gov/MARC21/slim http://www.loc.gov/standards/marcxml/schema/MARC21slim.xsd">
   <leader>00925njm 22002777a 4500</leader>
   <datafield ind2=" " ind1=" " tag="042">
      <subfield code="a">dc</subfield>
   </datafield>
   <datafield ind2=" " ind1=" " tag="720">
      <subfield code="a">Galacho-Jiménez, Federico Benjamín</subfield>
      <subfield code="e">author</subfield>
   </datafield>
   <datafield ind2=" " ind1=" " tag="720">
      <subfield code="a">Ortiz García, José</subfield>
      <subfield code="e">author</subfield>
   </datafield>
   <datafield ind2=" " ind1=" " tag="260">
      <subfield code="c">2001</subfield>
   </datafield>
   <datafield ind2=" " ind1=" " tag="520">
      <subfield code="a">El término "Estudio de Impacto Ambiental" se puede descomponer en dos partes: la primera de ellas, "Estudio", hace referencia a un documento que forma parte de un proceso administrativo, el de evaluación que desarrolla la Ley 7/94. La segunda parte, el concepto "Impacto Ambiental", nos lleva a una compleja realidad: la valoración de los efectos y la integración en el medio de las propuestas que se realicen desde los planes urbanísticos. Primeramente, intentaremos centrar el tema conceptualmente. Seguidamente, realizaremos una aproximación a los significados, fines y particularidades del "Impacto Ambiental" en relación con los planes urbanísticos. Después, no acercamos a la práctica cotidiana. Y, por último, proponemos una metodología. Después, no acercamos a la práctica cotidiana. Y, por último, proponemos una metodología geográfica y unos contenidos, que si bien son una adaptación a la Ley, suponen un esfuerzo de enfocar la temática desde la perspectiva de la explicación científica.</subfield>
   </datafield>
   <datafield ind1="8" ind2=" " tag="024">
      <subfield code="a">Baetica 23, 2001, p. 39-74</subfield>
   </datafield>
   <datafield ind1="8" ind2=" " tag="024">
      <subfield code="a">0212-5099</subfield>
   </datafield>
   <datafield ind1="8" ind2=" " tag="024">
      <subfield code="a">http://hdl.handle.net/10630/9475</subfield>
   </datafield>
   <datafield tag="653" ind2=" " ind1=" ">
      <subfield code="a">Urbanismo - Aspectos ambientales - Derecho - Legislación</subfield>
   </datafield>
   <datafield ind2="0" ind1="0" tag="245">
      <subfield code="a">Contenido del estudio de impacto medio ambiental de planes urbanísticos: adaptación metodológica a la Ley 7/94 de Protección Ambiental de la Comunidad Autónoma de Andalucía y sus Reglamentos</subfield>
   </datafield>
</record>
</metadata></record></GetRecord></OAI-PMH>